El nuevo orden mundial y el fin de la historia
Uloženo v:
| Hlavní autor: | |
|---|---|
| Médium: | Kniha |
| Jazyk: | španělština |
| Vydáno: |
Entre Ríos
Universidad Adventista del Plata
c1994
|
| Témata: | |
| Tagy: |
Přidat tag
Žádné tagy, Buďte první, kdo vytvoří štítek k tomuto záznamu!
|
MARC
| LEADER | 00000nam a22000005a 4500 | ||
|---|---|---|---|
| 003 | CL-ChBUA | ||
| 005 | 20120815091647.0 | ||
| 008 | 091118s1994 ag ||||| |||| 000 ||spa | ||
| 020 | |a 9509981249 | ||
| 040 | |a CL-ChBUA |c CL-ChBUA | ||
| 082 | 0 | 0 | |a 901 |
| 090 | |c 27001 |d 27001 | ||
| 100 | 1 | |a Priora, Juan Carlos | |
| 245 | 1 | 0 | |a El nuevo orden mundial y el fin de la historia |
| 260 | |a Entre Ríos |b Universidad Adventista del Plata |c c1994 | ||
| 300 | |a 159 p. |c 22 cm. | ||
| 504 | |a índice | ||
| 650 | 4 | |a FILOSOFIA DE LA HISTORIA | |
| 942 | |c LIB | ||
| 952 | |0 0 |1 0 |4 0 |7 0 |9 63375 |a UNACH |b UNACH |c 900 |d 2009-11-18 |i 45.962 |l 4 |o 901 / P 958 |p 64510 |r 2017-11-10 00:00:00 |s 2016-11-10 |u 63375 |w 2012-08-08 |y LIB |k 901 / P 958 | ||
| 999 | |c 27001 |d 27001 | ||